MARC

LEADER 00000nam0a2200000 4500
001 26560
005 20231030201657.0
010 |a 5934550535 
035 |a (RuTPU)RU\TPU\book\26804 
035 |a BOOK00026879 
090 |a 26560 
100 |a 20011209d2000 km y0rusy50 ca 
101 0 |a rus 
102 |a RU 
105 |a a g 001zy 
200 1 |a Резисторы, конденсаторы, провода, припои, флюсы  |e Справочное пособие  |f А. И. Аксенов, А. В. Нефедов 
210 |a Москва  |c Солон-Р  |d 2000 
215 |a 239 с.  |c ил. 
225 1 |a Ремонт  |v Вып. 39 
320 |a Библиогр.: с. 239. 
320 |a Алфавитно-цифровой указатель: с. 6-13. 
610 1 |a резисторы 
610 1 |a конденсаторы 
610 1 |a постоянные резисторы 
610 1 |a переменные резисторы 
610 1 |a варисторы 
610 1 |a терморезисторы 
610 1 |a провода 
610 1 |a припои 
610 1 |a флюсы 
610 1 |a зарубежные резисторы 
610 1 |a зарубежные конденсаторы 
610 1 |a справочники 
675 |a 621.316.8(035)  |v 3 
675 |a 621.319.4(035)  |v 3 
700 1 |a Аксенов  |b А. И.  |g Алексей Иванович 
701 1 |a Нефедов  |b А. В.  |g Анатолий Владимирович 
801 0 |a RU  |b 63413507  |c 20011209  |g PSBO 
801 2 |a RU  |b 63413507  |c 20210111  |g PSBO 
900 |a Основы конденсаторной техники 
942 |c BK